Die Naturrechtslehre der Legisten und Dekretisten von Irnerius bis Accursius und von Gratian bis Johannes Teutonicus.
Bewaard in:
| Hoofdauteur: | |
|---|---|
| Formaat: | Boek |
| Taal: | Engels |
| Gepubliceerd in: |
München, Deutschland:
Max Hueber,
1967.
|
| Reeks: | Münchener theologische Studien. III Kanonistische Abteilung,
26. |
| Onderwerpen: | |
| Tags: |
Voeg label toe
Geen labels, Wees de eerste die dit record labelt!
|
MARC
| LEADER | 00000nam a22000007a 4500 | ||
|---|---|---|---|
| 003 | CL-VaPUC | ||
| 005 | 20220822114852.0 | ||
| 008 | 220810t1967 ||||| |||| 00| 0 eng d | ||
| 999 | |c 438221 |d 438219 | ||
| 040 | |c Pontificia Universidad Católica de Valparaíso | ||
| 082 | 7 | |a 171.2 WEI 1967 |2 22 | |
| 100 | 1 | |a Weigand, Rudolf |e author |9 875299 | |
| 245 | |a Die Naturrechtslehre der Legisten und Dekretisten von Irnerius bis Accursius und von Gratian bis Johannes Teutonicus. | ||
| 260 | |a München, Deutschland: |b Max Hueber, |c 1967. | ||
| 300 | |a 475 páginas. | ||
| 490 | |a Münchener theologische Studien. |v 26. |a III Kanonistische Abteilung, | ||
| 500 | |a c.1 Donación Familia Prof. Alejandro Guzmán Brito. | ||
| 583 | |c 20220810 |k Cristina María Rojas Aguilar | ||
| 650 | |a Derecho natural |x Teoría |9 875300 | ||
| 650 | |a Etica |9 255099 | ||
| 942 | |2 ddc |c BK |n 0 | ||
| 952 | |0 0 |1 0 |2 ddc |4 0 |6 171_200000000000000_WEI_1967 |7 1 |8 C_AGB |9 586101 |a BIBDER |b BIBDER |d 2022-08-10 |e Donación |i 5654055 |o 171.2 WEI 1967 |p 5654055 |r 2023-01-25 |t 1 |w 2022-08-10 |y BK_US |k AGB | ||